Муть ; (Record no. 438692)
[ view plain ]
| 000 -LEADER | |
|---|---|
| fixed length control field | 01045nam a22002537a 4500 |
| 003 - CONTROL NUMBER IDENTIFIER | |
| control field | AM-YeHGA |
| 040 ## - CATALOGING SOURCE | |
| Original cataloging agency | AM-YeHGA |
| 090 ## - LOCALLY ASSIGNED LC-TYPE CALL NUMBER (OCLC); LOCAL CALL NUMBER (RLIN) | |
| -- | 441422 |
| 005 - DATE AND TIME OF LATEST TRANSACTION | |
| control field | 20250618075200.0 |
| 008 - FIXED-LENGTH DATA ELEMENTS--GENERAL INFORMATION | |
| fixed length control field | 180831s1959 ru |||||r|||||000|1|rus|| |
| 041 1# - LANGUAGE CODE | |
| Language code of text/sound track or separate title | rus |
| Language code of original | tat |
| 100 1# - MAIN ENTRY--PERSONAL NAME | |
| Personal name | Галяу, Махмуд, |
| Dates associated with a name | 1887-1938 |
| 245 10 - TITLE STATEMENT | |
| Title | Муть ; |
| Remainder of title | Мухаджиры : [Романы : Пер. с тат.] / |
| Statement of responsibility, etc. | М. Галяу ; [Под ред., послесл. Г. Кашшафа]. |
| 260 ## - PUBLICATION, DISTRIBUTION, ETC. | |
| Place of publication, distribution, etc. | Казань : |
| Name of publisher, distributor, etc. | Таткнигоиздат, |
| Date of publication, distribution, etc. | 1959. |
| 300 ## - PHYSICAL DESCRIPTION | |
| Extent | 456 с. ; |
| Dimensions | 21 см. |
| 500 ## - GENERAL NOTE | |
| General note | Перед вып. дан. авт. : Абдурахман Сафиевич Абсалямов |
| 650 14 - SUBJECT ADDED ENTRY--TOPICAL TERM | |
| Topical term or geographic name entry element | Художественная литература |
| 9 (RLIN) | 4918 |
| 650 14 - SUBJECT ADDED ENTRY--TOPICAL TERM | |
| Topical term or geographic name entry element | Татарская литература |
| General subdivision | Роман |
| 653 0# - INDEX TERM--UNCONTROLLED | |
| Uncontrolled term | Татария, 19-20 вв. (х. л.) |
| 653 0# - INDEX TERM--UNCONTROLLED | |
| Uncontrolled term | Татары в Турции (х. л.) |
| 700 1# - ADDED ENTRY--PERSONAL NAME | |
| Personal name | Кашшаф, Г. |
| Relator term | ред. |
| Relationship | edt |
| Relator term | авт. предисл. |
| Relationship | aui |
| 740 02 - ADDED ENTRY--UNCONTROLLED RELATED/ANALYTICAL TITLE | |
| Uncontrolled related/analytical title | Мухаджиры |
| 942 ## - ADDED ENTRY ELEMENTS (KOHA) | |
| Source of classification or shelving scheme | Universal Decimal Classification |
| Koha item type | Գրքեր / Books |
| Withdrawn status | Lost status | Source of classification or shelving scheme | Damaged status | Not for loan | Collection | Home library | Current library | Date acquired | Total checkouts | Full call number | Barcode | Date last seen | Price effective from | Koha item type | Public note |
|---|---|---|---|---|---|---|---|---|---|---|---|---|---|---|---|
| Universal Decimal Classification | General | Fundamental Scientific Library | Fundamental Scientific Library | 04/10/2019 | PII/18787 | FL0604274 | 04/10/2019 | 04/10/2019 | Գրքեր / Books | 30 Days Loan |
ՀՀ Գիտությունների ազգային ակադեմիայի հիմնարար գիտական գրադարան = Fundamental Scientific Library of NAS RA
All site content, except where otherwise noted, is licensed under a